000 00391 a2200157 4500
001 75946
020 _a8588543400
040 _cAnchieta - Colégio São Paulo
100 _aLody, Raul Giovanni da Motta
240 1 0 _aAtlas Afro-Brasileiro: Cultura popular
_lpor
245 1 0 _aAtlas Afro-Brasileiro: Cultura popular
300 _a84
362 0 _a2006
650 4 _aFolclore
942 _cBK
999 _c75946
_d75946